|
|
|
|
| LEADER |
00000nam0a2200000 4500 |
| 001 |
83381 |
| 005 |
20231031100152.0 |
| 035 |
|
|
|a (RuTPU)RU\TPU\book\89619
|
| 090 |
|
|
|a 83381
|
| 100 |
|
|
|a 20051015d1987 km y0rusy50 ca
|
| 101 |
1 |
|
|a rus
|c eng
|
| 102 |
|
|
|a RU
|
| 105 |
|
|
|a a z 001zy
|
| 200 |
1 |
|
|a Ядерные реакторы
|e пер. с англ.
|f И. Камерон
|
| 210 |
|
|
|a Москва
|c Энергоатомиздат
|d 1987
|
| 215 |
|
|
|a 320 с.
|c ил.
|
| 320 |
|
|
|a Библиогр.: с. 311-317
|
| 610 |
1 |
|
|a ядерные реакторы
|
| 610 |
1 |
|
|a ядерная физика
|
| 610 |
1 |
|
|a ядра
|
| 610 |
1 |
|
|a деление
|
| 610 |
1 |
|
|a цепные реакции
|
| 610 |
1 |
|
|a ядерное топливо
|
| 610 |
1 |
|
|a тепловыделение
|
| 610 |
1 |
|
|a классификация
|
| 675 |
|
|
|a 621.039.5
|v 3
|
| 700 |
|
1 |
|a Камерон
|b И.
|
| 801 |
|
1 |
|a RU
|b 63413507
|c 20051015
|g PSBO
|
| 801 |
|
2 |
|a RU
|b 63413507
|c 20091204
|g PSBO
|
| 900 |
|
|
|a Основы физической теории ядерных установок
|
| 900 |
|
|
|a Динамика и безопасность ядерно-энергетических установок
|
| 900 |
|
|
|a Теория переноса нейтронов
|
| 942 |
|
|
|c BK
|